Estadísticas para Todos los equipos que han jugado en la Primera División española

Haz click aquí para intentar la prueba.

Estadísticas generales

  • Esta prueba ha sido intentada 173 veces
  • La puntuación promedio es 43 de 63

Estadísticas de respuestas

Temporadas en 1ªÚltima Temporada en 1ªPtosEquipo ( * = desaparecido)% Correcto
9223/244864Real Madrid
100%
9223/244764FC Barcelona
99%
5723/242222Real Betis Balompié
98%
7923/243020Sevilla FC
98%
8823/243706Valencia CF
97%
7623/242923Real Sociedad
96%
8623/243901Atlético de Madrid
94%
323/24137Girona FC
94%
5723/242058RC Celta de Vigo
93%
4617/181843RC Deportivo de la Coruña
93%
1717/18791Málaga CF
92%
3423/241042UD Las Palmas
91%
1723/24626Deportivo Alavés
90%
1823/24840Getafe CF
90%
2623/24807Granada CF
90%
2023/24785Rayo Vallecano
90%
3023/241270RCD Mallorca
90%
5812/132109Real Zaragoza
90%
1523/24466Cádiz CF
89%
8722/232998RCD Espanyol
89%
723/24280UD Almería
89%
4622/231625Real Valladolid CF
86%
4123/241544CA Osasuna
85%
1309/10510CD Tenerife
85%
4411/121415Racing Club de Santander
85%
9223/243667Athletic Club
83%
4216/171389Real Sporting de Gijón
83%
720/21302SD Eibar
83%
2323/241316Villarreal CF
83%
1621/22631Levante UD
82%
220/2167SD Huesca
81%
2422/23709Elche CF
80%
3811/121174Real Oviedo
79%
419/20159CD Leganés
77%
914/15230Córdoba CF
75%
1807/08445Real Murcia CF
72%
704/05257Albacete Balompié
70%
579/80168Burgos CF
70%
1298/99377UD Salamanca*
69%
2010/11538Hércules CF
68%
508/09188RC Recreativo de Huelva
63%
1190/91285CD Castellón
60%
408/09148CD Numancia
57%
298/9983CF Extremadura*
51%
109/1034Xerez CD
51%
996/97293CD Logroñés*
50%
406/0791Gimnàstic de Tarragona
48%
293/9440UE Lleida*
47%
297/9881CP Mérida*
43%
155/5614Cultural Leonesa
43%
497/98190SD Compostela
43%
1487/88353CE Sabadell FC
42%
330/3142CE Europa
38%
669/70150Pontevedra CF
37%
734/35107Club Arenas de Getxo
32%
450/5176CD Alcoyano
27%
431/3256Real Unión Club/Real Unión de Irún
26%
151/5219CA Tetuán*
24%
357/5871Real Jaén CF
19%
156/5722CD Condal*
13%
2089/90540CD Málaga*
12%
392/9396Real Burgos CF*
12%
280/8152AD Almería*
7%

Distribución de puntuación

Porcentaje por número respondido

Porcentaje de gente con cada puntuación

Historial de tus puntuaciones

No has intentado esta prueba.